Localidades de Navarra - Estadísticas

Estadísticas generales
  • Esta prueba ha sido intentada 16 veces
  • La puntuación promedio es 122 de 923
Estadísticas de respuestas
Merindad Localidad % Correcto
Estella Estella
78%
Pamplona Pamplona
78%
Sangüésa Sangüesa / Zangoza
78%
Pamplona Barañáin
67%
Pamplona Huarte
67%
Sangüésa Huarte / Uharte
67%
Olite Olite
67%
Tudela Tudela
67%
Estella Allo
56%
Sangüésa Javier
56%
Pamplona Leiza
56%
Sangüésa Lumbier
56%
Sangüésa Noáin
56%
Olite Peralta
56%
Sangüésa Roncal / Erronkari
56%
Tudela Valtierra
56%
Estella Viana
56%
Pamplona Zizur Mayor
56%
Pamplona Alsasua
44%
Pamplona Ansoáin
44%
Sangüésa Aranguren
44%
Tudela Arguedas
44%
Pamplona Arre
44%
Pamplona Berriozar
44%
Sangüésa Egüés
44%
Sangüésa Esparza
44%
Pamplona Galar
44%
Sangüésa Garde
44%
Sangüésa Isaba / Izaba
44%
Estella Lodosa
44%
Olite Marcilla
44%
Olite Milagro
44%
Sangüésa Mutilva / Mutiloa
44%
Sangüésa Navascués
44%
Pamplona Obanos
44%
Sangüésa Orreaga/Roncesvalles
44%
Pamplona Puente la Reina
44%
Sangüésa Sarriguren
44%
Olite Ujué
44%
Estella Villatuerta
44%
Pamplona Villava
44%
Sangüésa Abaurregaina/Abaurrea Alta
33%
Sangüésa Abaurrepea/Abaurrea Baja
33%
Pamplona Alli
33%
Estella Alloz
33%
Estella Ancín
33%
Estella Andosilla
33%
Sangüésa Aoiz / Agoitz
33%
Pamplona Arano
33%
Pamplona Arbizu
33%
Estella Arróniz
33%
Sangüésa Artajo / Artaxo
33%
Olite Artajona
33%
Pamplona Astráin
33%
Sangüésa Aurizberri/Espinal
33%
Estella Ayegui
33%
Pamplona Beriáin
33%
Pamplona Berrioplano
33%
Sangüésa Burlada / Burlata
33%
Tudela Cascante
33%
Tudela Castejón
33%
Tudela Cintruénigo
33%
Pamplona Ciordia
33%
Estella Cirauqui
33%
Pamplona Ciriza
33%
Pamplona Cizur Menor
33%
Pamplona Cordovilla
33%
Pamplona Ecay
33%
Pamplona Echarri
33%
Pamplona Elizondo
33%
Pamplona Enériz
33%
Sangüésa Erro
33%
Olite Falces
33%
Tudela Fitero
33%
Pamplona Goizueta
33%
Estella Goñi
33%
Sangüésa Gorraiz
33%
Sangüésa Imárcoain
33%
Pamplona Irurzun
33%
Pamplona Ituren
33%
Pamplona Iza
33%
Pamplona Lacunza
33%
Pamplona Lecumberri
33%
Estella Lerín
33%
Pamplona Lesaca
33%
Sangüésa Liédena
33%
Estella Los Arcos
33%
Estella Mendavia
33%
Sangüésa Monreal
33%
Tudela Murchante
33%
Estella Murieta
33%
Olite Murillo el Cuende
33%
Olite Murillo el Fruto
33%
Estella Muru
33%
Pamplona Muruzábal
33%
Sangüésa Ochagavía / Otsagabia
33%
Pamplona Ola
33%
Pamplona Ollo
33%
Pamplona Orcoyen
33%
Pamplona Ororbia
33%
Olite Pitillas
33%
Pamplona Saldías
33%
Pamplona Salinas de Pamplona
33%
Estella San Adrián
33%
Olite San Martín de Unx
33%
Pamplona Santesteban
33%
Estella Sesma
33%
Olite Tafalla
33%
Sangüésa Tajonar / Taxoare
33%
Sangüésa Torres
33%
Pamplona Unzu
33%
Estella Urdánoz
33%
Pamplona Urdiáin
33%
Pamplona Uterga
33%
Estella Villamayor de Monjardín
33%
Sangüésa Yesa
33%
Pamplona Zubieta
33%
Sangüésa Zubiri
33%
Pamplona Zugarramurdi
33%
Estella Zúñiga
33%
Estella Abáigar
22%
Estella Abárzuza
22%
Estella Acedo
22%
Pamplona Adiós
22%
Estella Aguilar de Codés
22%
Pamplona Alcoz
22%
Estella Aranarache
22%
Pamplona Aranaz
22%
Estella Arandigoyen
22%
Estella Aras
22%
Pamplona Arazuri
22%
Sangüésa Ardanaz
22%
Estella Arellano
22%
Pamplona Areso
22%
Sangüésa Aribe
22%
Pamplona Ariz
22%
Estella Arizala
22%
Pamplona Arruazu
22%
Sangüésa Auritz/Burguete
22%
Estella Azagra
22%
Pamplona Bacáicoa
22%
Olite Barásoain
22%
Estella Barbarin
22%
Pamplona Barbatáin
22%
Estella Bargota
22%
Pamplona Beinza-Labayen
22%
Pamplona Berriosuso
22%
Pamplona Beruete
22%
Pamplona Biurrun
22%
Tudela Buñuel
22%
Sangüésa Burgui / Burgi
22%
Sangüésa Campanas
22%
Olite Caparroso
22%
Estella Cárcar
22%
Tudela Carcastillo
22%
Sangüésa Cáseda
22%
Tudela Cortes
22%
Estella Dicastillo
22%
Pamplona Donamaría
22%
Olite Echagüe
22%
Pamplona Echalar
22%
Pamplona Echarri-Aranaz
22%
Pamplona Echauri
22%
Sangüésa Ekai de Lónguida / Ekai-Longida
22%
Pamplona Elgorriaga
22%
Pamplona Erasun
22%
Sangüésa Eslava
22%
Estella Eulate
22%
Sangüésa Ezcároz / Ezkaroze
22%
Olite Funes
22%
Tudela Fustiñana
22%
Sangüésa Gallipienzo
22%
Sangüésa Garralda
22%
Pamplona Gorriti
22%
Sangüésa Guerendiáin
22%
Sangüésa Güesa / Gorza
22%
Sangüésa Hiriberri/Villanueva de Aezkoa
22%
Estella Igúzquiza
22%
Sangüésa Ilundáin / Ilundain
22%
Pamplona Iturmendi
22%
Sangüésa Izal / Itzalle
22%
Sangüésa Izalzu / Itzaltzu
22%
Pamplona Jaunsarás
22%
Estella Lapoblación
22%
Olite Larraga
22%
Estella Larraona
22%
Sangüésa Larraun
22%
Sangüésa Larráun
22%
Estella Larrión
22%
Estella Lazagurría
22%
Pamplona Legarda
22%
Estella Legaria
22%
Pamplona Legasa
22%
Olite Leoz
22%
Estella Lerate
22%
Estella Lezáun
22%
Pamplona Lizarraga
22%
Estella Lorca
22%
Sangüésa Lusarreta
22%
Sangüésa Luzaide/Valcarlos
22%
Estella Mañeru
22%
Estella Marañón
22%
Estella Mendaza
22%
Olite Miranda de Arga
22%
Estella Mués
22%
Sangüésa Murillo de Lónguida / Murelu-Longida
22%
Estella Oco
22%
Pamplona Oiz
22%
Sangüésa Olaz
22%
Pamplona Olazagutía
22%
Pamplona Olcoz
22%
Sangüésa Olloki
22%
Olite Olóriz
22%
Pamplona Oronoz
22%
Sangüésa Oronz
22%
Pamplona Paternáin
22%
Sangüésa Petilla de Aragón
22%
Estella Piedramillera
22%
Olite Pueyo
22%
Sangüésa Sada
22%
Sangüésa Salinas de Ibargoiti
22%
Estella San Martín de Améscoa
22%
Sangüésa Saragüeta / Saragueta
22%
Sangüésa Sarriés / Sartze
22%
Estella Sartaguda
22%
Pamplona Senosiáin
22%
Pamplona Sumbilla
22%
Sangüésa Tiebas
22%
Estella Torralba del Río
22%
Pamplona Torrano
22%
Pamplona Unanua
22%
Olite Unzué
22%
Pamplona Urdax
22%
Sangüésa Uriz / Uritz
22%
Sangüésa Uroz
22%
Pamplona Urroz de Santesteban
22%
Sangüésa Urroz-Villa
22%
Sangüésa Urzainqui
22%
Sangüésa Uztárroz / Uztarroze
22%
Pamplona Vera de Bidasoa
22%
Tudela Villafranca
22%
Sangüésa Villanueva de Lónguida / Hiriberri-Longida
22%
Pamplona Yanci
22%
Sangüésa Yárnoz
22%
Estella Zábal
22%
Sangüésa Zabalegui
22%
Pamplona Zuasti
22%
Sangüésa Zulueta
22%
Sangüésa Zunzarren
22%
Estella Aberin
11%
Sangüésa Abínzano
11%
Tudela Ablitas
11%
Sangüésa Acotáin / Akotain
11%
Sangüésa Adansa
11%
Pamplona Adériz
11%
Sangüésa Adoáin
11%
Sangüésa Agorreta
11%
Pamplona Aguinaga de Iza
11%
Sangüésa Aibar / Oibar
11%
Sangüésa Aintzioa
11%
Pamplona Aizároz
11%
Pamplona Aizcorbe
11%
Sangüésa Akerreta
11%
Sangüésa Aldunate
11%
Pamplona Almándoz
11%
Sangüésa Alzórriz
11%
Sangüésa Alzuza
11%
Olite Amunarrizqueta
11%
Pamplona Añézcar
11%
Pamplona Anocíbar
11%
Pamplona Añorbe
11%
Pamplona Anoz
11%
Sangüésa Antxoritz
11%
Sangüésa Aós / Aos
11%
Estella Arbeiza
11%
Sangüésa Arboniés
11%
Sangüésa Arce / Artzi
11%
Sangüésa Ardaitz
11%
Sangüésa Ardanaz de Izagaondoa
11%
Sangüésa Aria
11%
Sangüésa Arielz
11%
Sangüésa Aristu
11%
Estella Arizaleta
11%
Pamplona Arizcun
11%
Sangüésa Arizcuren / Arizkuren
11%
Pamplona Arizu
11%
Pamplona Arlegui
11%
Sangüésa Arleta
11%
Estella Armañanzas
11%
Pamplona Aróstegui
11%
Pamplona Arraiz-Orquín
11%
Pamplona Arrarás
11%
Sangüésa Arrieta
11%
Sangüésa Artaiz
11%
Estella Artaza
11%
Pamplona Artázcoz
11%
Estella Artazu
11%
Pamplona Arteta
11%
Sangüésa Artieda
11%
Sangüésa Artozqui / Artozki
11%
Pamplona Asiáin
11%
Sangüésa Aspurz
11%
Pamplona Astiz
11%
Pamplona Atondo
11%
Pamplona Auza
11%
Sangüésa Ayechu
11%
Sangüésa Ayesa
11%
Pamplona Azoz
11%
Sangüésa Azpa
11%
Sangüésa Azparren
11%
Estella Azqueta
11%
Estella Azuelo
11%
Sangüésa Badostáin
11%
Estella Baríndano
11%
Estella Bearin
11%
Pamplona Belascoáin
11%
Sangüésa Beortegui
11%
Olite Berbinzana
11%
Pamplona Berro
11%
Pamplona Berroeta
11%
Sangüésa Berroya
11%
Pamplona Betelu
11%
Pamplona Beunza
11%
Pamplona Beunza-Larrea
11%
Olite Bézquiz
11%
Sangüésa Bigüézal
11%
Sangüésa Bizkarreta-Gerendiain
11%
Pamplona Burutáin
11%
Estella Cabredo
11%
Tudela Cadreita
11%
Sangüésa Castillo-Nuevo
11%
Sangüésa Cemboráin
11%
Pamplona Cenoz
11%
Pamplona Cía
11%
Pamplona Ciáurriz
11%
Pamplona Ciga
11%
Pamplona Cildoz
11%
Tudela Corella
11%
Pamplona Dancharinea
11%
Estella Desojo
11%
Sangüésa Domeño
11%
Pamplona Echaide
11%
Sangüésa Echálaz
11%
Pamplona Echalecu
11%
Pamplona Echarren
11%
Estella Echávarri
11%
Pamplona Echeverri
11%
Pamplona Egozcue
11%
Pamplona Eguíllor
11%
Estella El Busto
11%
Sangüésa Elcano
11%
Sangüésa Elcóaz
11%
Sangüésa Elía
11%
Pamplona Elío
11%
Sangüésa Elorz / Elortz
11%
Pamplona Elso
11%
Pamplona Elzaburu
11%
Pamplona Endériz
11%
Sangüésa Epároz
11%
Sangüésa Eransus
11%
Sangüésa Erdozáin / Erdotzain
11%
Pamplona Erice
11%
Pamplona Eriete
11%
Pamplona Errazu
11%
Sangüésa Errea
11%
Pamplona Erviti
11%
Pamplona Esáin
11%
Sangüésa Esnotz
11%
Pamplona Esparza de Galar
11%
Sangüésa Espoz / Espotz
11%
Estella Espronceda
11%
Pamplona Esquíroz
11%
Estella Esténoz
11%
Estella Etayo
11%
Sangüésa Eugi
11%
Estella Eulz
11%
Pamplona Eusa
11%
Sangüésa Ezcániz
11%
Sangüésa Ezcay / Ezkai
11%
Pamplona Ezcurra
11%
Sangüésa Ezkirotz
11%
Sangüésa Ezperun
11%
Sangüésa Gabarderal
11%
Pamplona Gaínza
11%
Estella Galbarra
11%
Sangüésa Galdúroz
11%
Sangüésa Gallués / Galoze
11%
Sangüésa Garaioa
11%
Olite Garínoain
11%
Estella Garísoain
11%
Pamplona Garrués
11%
Pamplona Garzarón
11%
Pamplona Gascue
11%
Estella Gastiáin
11%
Pamplona Gazólaz
11%
Sangüésa Gendulain
11%
Estella Genevilla
11%
Pamplona Goldáraz
11%
Estella Gollano
11%
Sangüésa Góngora / Gongora
11%
Sangüésa Gorraiz de Arce / Gorraitz-Artzibar
11%
Sangüésa Górriz / Gorritz
11%
Sangüésa Grez
11%
Pamplona Guelbenzu
11%
Estella Guembe
11%
Pamplona Guenduláin
11%
Sangüésa Guíndano
11%
Estella Guirguillano
11%
Pamplona Gulina
11%
Sangüésa Gurpegui / Gurpegi
11%
Pamplona Huarte-Araquil
11%
Pamplona Huici
11%
Pamplona Ibero
11%
Sangüésa Ibilcieta / Ibiltzieta
11%
Sangüésa Ibiricu
11%
Estella Ibiricu de Yerri
11%
Pamplona Ichaso
11%
Sangüésa Iciz / Izize
11%
Sangüésa Idoate
11%
Sangüésa Idocin
11%
Sangüésa Idoi
11%
Sangüésa Igal / Igari
11%
Pamplona Igoa
11%
Sangüésa Ilarratz
11%
Pamplona Ilarregui
11%
Sangüésa Ilurdotz
11%
Estella Imaz
11%
Sangüésa Imirizaldu
11%
Sangüésa Imízcoz / Imizkotz
11%
Sangüésa Inbuluzketa
11%
Sangüésa Induráin
11%
Olite Iracheta
11%
Sangüésa Iragi
11%
Pamplona Iráizoz
11%
Pamplona Irañeta
11%
Sangüésa Irati
11%
Pamplona Iribas
11%
Sangüésa Iriso
11%
Sangüésa Irotz
11%
Sangüésa Irure
11%
Pamplona Irurita
11%
Sangüésa Irurozqui
11%
Estella Irurre
11%
Sangüésa Itoiz / Itoitz
11%
Estella Iturgoyen
11%
Sangüésa Izánoz
11%
Sangüésa Izco
11%
Pamplona Izu
11%
Estella Izurzu
11%
Sangüésa Jacoisti
11%
Sangüésa Janáriz
11%
Sangüésa Jaurrieta
11%
Sangüésa Javerri / Xaberri
11%
Pamplona Juarbe
11%
Sangüésa Labiano
11%
Sangüésa Laboa
11%
Sangüésa Lacabe / Lakabe
11%
Estella Lácar
11%
Pamplona Lanz
11%
Sangüésa Laquidáin / Lakidain
11%
Sangüésa Larequi
11%
Pamplona Larragueta
11%
Pamplona Larráin
11%
Sangüésa Larraingoa
11%
Pamplona Larráinzar
11%
Sangüésa Larrángoz / Larrangotz
11%
Sangüésa Larrasoaña
11%
Pamplona Larumbe
11%
Pamplona Latasa
11%
Sangüésa Leache
11%
Pamplona Leazcue
11%
Sangüésa Lecáun
11%
Sangüésa Leire
11%
Sangüésa Leranotz
11%
Sangüésa Lerga
11%
Sangüésa Lérruz
11%
Pamplona Lete
11%
Sangüésa Leyún
11%
Sangüésa Liberri
11%
Sangüésa Lintzoain
11%
Pamplona Lizarragabengoa
11%
Sangüésa Lizarraga de Izagaondoa
11%
Pamplona Lizaso
11%
Sangüésa Lizoáin
11%
Sangüésa Loizu
11%
Pamplona Loza
11%
Estella Luquin
11%
Pamplona Madoz
11%
Pamplona Maquírriain
11%
Olite Maquirriáin
11%
Pamplona Marcaláin
11%
Tudela Mélida
11%
Olite Mendigorría
11%
Sangüésa Mendinueta
11%
Sangüésa Mendióroz
11%
Olite Mendívil
11%
Sangüésa Meoz / Meotz
11%
Estella Metauten
11%
Estella Mirafuentes
11%
Tudela Monteagudo
11%
Estella Morentin
11%
Sangüésa Moriones
11%
Estella Muez
11%
Pamplona Mugaire
11%
Sangüésa Muguetajarra
11%
Sangüésa Mugueta / Mugeta
11%
Estella Munárriz
11%
Sangüésa Muniáin de Arce / Muniain-Artzibar
11%
Estella Muniáin de Guesálaz
11%
Estella Muniáin de la Solana
11%
Sangüésa Murillo-Berroya
11%
Estella Murillo de Yerri
11%
Sangüésa Muruarte de Reta
11%
Pamplona Muru-Astráin
11%
Estella Murugarren
11%
Estella Muzqui
11%
Sangüésa Nagore
11%
Sangüésa Najurieta
11%
Sangüésa Napal
11%
Estella Narcué
11%
Sangüésa Nardués-Aldunate
11%
Sangüésa Nardués-Andurra
11%
Estella Nazar
11%
Pamplona Nuin
11%
Pamplona Ochovi
11%
Sangüésa Olaberri
11%
Pamplona Olagüe
11%
Sangüésa Olaldea
11%
Pamplona Olave
11%
Sangüésa Olaverri / Olaberri
11%
Estella Olejua
11%
Sangüésa Oleta
11%
Pamplona Ollacarizqueta
11%
Olite Olleta
11%
Pamplona Olza
11%
Sangüésa Ongoz
11%
Sangüésa Orbaitzeta
11%
Sangüésa Orbaiz / Orbaitz
11%
Sangüésa Orbara
11%
Pamplona Oricáin
11%
Olite Orísoain
11%
Sangüésa Oriz
11%
Sangüésa Orondritz
11%
Pamplona Oroquieta
11%
Sangüésa Oroz-Betelu
11%
Sangüésa Orradre
11%
Pamplona Orrio
11%
Pamplona Osacáin
11%
Sangüésa Osa / Otsa
11%
Sangüésa Oscáriz
11%
Pamplona Osinaga
11%
Sangüésa Osteritz
11%
Pamplona Ostiz
11%
Sangüésa Otano
11%
Estella Oteiza
11%
Sangüésa Ozcoidi
11%
Sangüésa Racas Alto
11%
Olite Rada
11%
Sangüésa Rala / Errala
11%
Sangüésa Redín
11%
Sangüésa Reta
11%
Tudela Ribaforada
11%
Estella Riezu
11%
Pamplona Ripa
11%
Sangüésa Ripalda / Erripalda
11%
Sangüésa Rípodas
11%
Sangüésa Rocaforte
11%
Sangüésa Sagaseta
11%
Sangüésa Saigots
11%
Estella Salinas de Oro
11%
Olite Sánsoain
11%
Sangüésa Sansoáin
11%
Estella Sansol
11%
Olite Sansomain
11%
Olite Santacara
11%
Sangüésa Santa Fe
11%
Sangüésa San Vicente
11%
Pamplona Sarasa
11%
Pamplona Sarasate
11%
Sangüésa Sarasibar
11%
Sangüésa Sengáriz
11%
Sangüésa Setoain
11%
Olite Solchaga
11%
Pamplona Sorauren
11%
Estella Sorlada
11%
Pamplona Subiza
11%
Sangüésa Tabar
11%
Pamplona Tirapu
11%
Sangüésa Torre de Peña
11%
Estella Torres del Río
11%
Tudela Tulebras
11%
Sangüésa Turrillas
11%
Pamplona Ubani
11%
Pamplona Úcar
11%
Estella Úgar
11%
Sangüésa Uli-Alto / Uliberri
11%
Sangüésa Uli-Bajo / Ulibeti
11%
Estella Ulibarri
11%
Sangüésa Unciti
11%
Sangüésa Urbicáin
11%
Estella Urbiola
11%
Sangüésa Urdaitz/Urdániz
11%
Sangüésa Urdíroz / Urdirotz
11%
Sangüésa Ureta
11%
Sangüésa Urniza
11%
Estella Urra
11%
Sangüésa Urricelqui
11%
Pamplona Urriza
11%
Pamplona Urrizola
11%
Pamplona Urrizola-Galáin
11%
Sangüésa Urtasun
11%
Sangüésa Uscarrés / Uskartze
11%
Sangüésa Usetxi
11%
Pamplona Usi
11%
Sangüésa Usoz / Usotz
11%
Sangüésa Ustés
11%
Sangüésa Usún
11%
Olite Uzquita
11%
Sangüésa Vidángoz / Bidankoze
11%
Estella Vidaurre
11%
Pamplona Vidaurreta
11%
Pamplona Villanueva de Araquil
11%
Sangüésa Villanueva de Arce / Hiriberri-Artzibar
11%
Sangüésa Villaveta / Billabeta
11%
Pamplona Yábar
11%
Sangüésa Yelz
11%
Sangüésa Zabalceta
11%
Sangüésa Zabaldika
11%
Pamplona | Sangüésa Zabalza
11%
Sangüésa Zabalza de Ibargoiti
11%
Sangüésa Zalba
11%
Sangüésa Zaldaiz
11%
Pamplona Zamarce
11%
Pamplona Zandio
11%
Sangüésa Zandueta
11%
Pamplona Zariquiegui
11%
Sangüésa Zariquieta / Zarikieta
11%
Sangüésa Zazpe
11%
Sangüésa Zilbeti
11%
Sangüésa Zolina
11%
Sangüésa Zoroquiáin
11%
Sangüésa Zuasti de Lónguida / Zuasti-Longida
11%
Pamplona | Sangüésa Zuazu
11%
Estella Zubielqui
11%
Estella Zudaire
11%
Sangüésa Zuriain
11%
Sangüésa Zuza / Zutza
11%
Pamplona Aincialde
0%
Pamplona Aitasamegui
0%
Pamplona Aizano
0%
Pamplona Aizoáin
0%
Estella Aizpún
0%
Pamplona Albiasu
0%
Pamplona Alcanzuriáin
0%
Pamplona Alcasoaldea
0%
Pamplona Alcayaga
0%
Pamplona Aldaba
0%
Pamplona Aldaz
0%
Pamplona Alquerdi
0%
Pamplona Amaláin
0%
Olite Amatriain
0%
Pamplona Ameztia
0%
Estella Amillano
0%
Pamplona Amurguin
0%
Estella Andéraz
0%
Estella Andía
0%
Pamplona Aniz
0%
Pamplona Anzamborda
0%
Pamplona Apayoa
0%
Estella Aramendía
0%
Estella Arguiñano
0%
Estella Arguiñáriz
0%
Estella Arínzano
0%
Pamplona Arístregui
0%
Pamplona Aríztegui
0%
Pamplona Arozteguía
0%
Pamplona Arquisquil
0%
Pamplona Arraiza
0%
Pamplona Arráyoz
0%
Pamplona Arriba
0%
Pamplona Arribiltoa
0%
Pamplona Arrúiz
0%
Olite Artariain
0%
Estella Artavia
0%
Estella Arteaga
0%
Pamplona Artica
0%
Pamplona Articuza
0%
Estella Arzoz
0%
Estella Asarta
0%
Pamplona Atallo
0%
Pamplona Aurquidi
0%
Pamplona Aurtiz
0%
Pamplona Auzoberri
0%
Sangüésa Ayanz / Aiantz
0%
Pamplona Ayenas
0%
Estella Azanza
0%
Pamplona Azcárate
0%
Estella Azcona
0%
Pamplona Azcota
0%
Sangüésa Azoleta
0%
Pamplona Azpilcueta
0%
Pamplona Azpíroz
0%
Pamplona Azquilarrea
0%
Pamplona Ballariáin
0%
Estella Baquedano
0%
Pamplona Baráibar
0%
Tudela Bardenas Reales
0%
Olite Bariáin
0%
Tudela Barillas
0%
Pamplona Basongaiz
0%
Pamplona Bearzun
0%
Pamplona Beasoáin
0%
Olite Beire
0%
Pamplona Belzunce
0%
Olite Benegorri
0%
Pamplona Beorburu
0%
Pamplona Beráiz
0%
Pamplona Beramendi
0%
Pamplona Berasáin
0%
Sangüésa Beroiz
0%
Pamplona Berrizáun
0%
Pamplona Biurrana
0%
Pamplona Bordalarrea
0%
Pamplona Bozate
0%
Tudela Cabanillas
0%
Tudela cabeza de merindad
0%
Estella Cábrega
0%
Estella Caserío de Echávarri
0%
Estella Casetas de Ciriza
0%
Pamplona Catazpegui
0%
Pamplona Caule
0%
Pamplona Ceberia
0%
Sangüésa Celigüeta
0%
Pamplona Ciganda
0%
Pamplona Cigaurre
0%
Pamplona Dornacu
0%
Estella Ecala
0%
Estella Echarren de Guirguillano
0%
Pamplona Echerri
0%
Pamplona Eguaras
0%
Pamplona Eguiarreta
0%
Sangüésa Egulbati
0%
Pamplona Eguzquialdea
0%
Pamplona Elcarte
0%
Pamplona Elusta
0%
Pamplona Elvetea
0%
Pamplona Elzaurdia
0%
Sangüésa Enaquesa
0%
Pamplona Endara
0%
Pamplona Endarlaza
0%
Sangüésa Equiza / Ekiza
0%
Pamplona Eraso
0%
Pamplona Erasote
0%
Estella Eraul
0%
Olite Eristain
0%
Pamplona Errazquin
0%
Pamplona Erreca
0%
Pamplona Erroz
0%
Pamplona Espildealdea
0%
Pamplona Estación Biurrun-Campanas
0%
Pamplona Ezcaba
0%
Tudela Figarol
0%
Tudela Fontellas
0%
Pamplona Frain
0%
Pamplona Fundación Ondarra
0%
Sangüésa Gaindola
0%
Sangüésa Gainekoleta
0%
Estella Galdeano
0%
Sangüésa Gallipienzo Nuevo
0%
Estella Ganuza
0%
Pamplona Garaitarreta
0%
Pamplona Garciriáin
0%
Pamplona Garzáin
0%
Pamplona Gaztelu
0%
Pamplona Gerendiain
0%
Pamplona Gorostapolo
0%
Pamplona Gorosurreta
0%
Pamplona Gorriztarán
0%
Pamplona Gorronz-Olano
0%
Estella Grocin
0%
Sangüésa Guerguitiáin
0%
Pamplona Ichasperri
0%
Sangüésa Iloz
0%
Pamplona Ilzarbe
0%
Pamplona Iñarbil
0%
Pamplona Inza
0%
Sangüésa Irabiako Uharka/Pantano de Irabia
0%
Estella Iranzu
0%
Olite | Pamplona Iriberri
0%
Pamplona Irisarri
0%
Estella Irujo
0%
Estella Iruñela
0%
Sangüésa Iso
0%
Pamplona Izcue
0%
Pamplona Izotzaldea
0%
Pamplona Izurdiaga
0%
Sangüésa Kintoa/Quinto Real
0%
Pamplona Labaso
0%
Estella Labeaga
0%
Pamplona Lacáin-Apezborro
0%
Pamplona Landívar
0%
Tudela La Oliva
0%
Pamplona Larrapil-Sarricu
0%
Pamplona Larraya
0%
Pamplona Larráyoz
0%
Pamplona Lasaga
0%
Pamplona La Tejería
0%
Pamplona La Trinidad de Arre
0%
Pamplona Latse
0%
Estella Learza
0%
Pamplona Lecároz
0%
Estella Legardeta
0%
Pamplona Leorlaz
0%
Pamplona Lezaeta
0%
Pamplona Lizasoáin
0%
Pamplona Locen
0%
Pamplona Lurriztiederra
0%
Pamplona Madaria
0%
Pamplona Maya de Baztán
0%
Estella Meano
0%
Estella Mendilibarri
0%
Pamplona Mendrasa
0%
Sangüésa Mezkiritz
0%
Sangüésa Molino de Garde
0%
Pamplona Muguiro
0%
Estella Muneta
0%
Pamplona Murguindueta
0%
Sangüésa Muskilda
0%
Pamplona Músquiz
0%
Pamplona Narvarte
0%
Pamplona Navaz
0%
Sangüésa Nuestra Señora de las Nieves
0%
Pamplona Nuestras Señora de la Piedad
0%
Pamplona Odériz
0%
Pamplona Ohárriz
0%
Pamplona Oláiz
0%
Pamplona Olasur
0%
Pamplona Olaz-Subiza
0%
Estella Ollobarren
0%
Estella Ollogoyen
0%
Sangüésa Orbaitzetako Ola/Fábrica de Orbaitzeta
0%
Pamplona Ordériz
0%
Pamplona Ordoqui
0%
Olite Oricin
0%
Pamplona Orizqui
0%
Pamplona Osácar
0%
Pamplona Osavide
0%
Pamplona Oscoz
0%
Pamplona Otazu
0%
Pamplona Oteiza de Berrioplano
0%
Estella Otiñano
0%
Pamplona Otsango Auzoa
0%
Pamplona Oyeregui
0%
Sangüésa Pekotxeta
0%
Pamplona Pertalas
0%
Sangüésa Pikatua
0%
Pamplona Quinto Real
0%
Estella Recajo
0%
Pamplona Sagüés
0%
Pamplona Sakulu
0%
Pamplona Saldise
0%
Sangüésa San Isidro del Pinar
0%
Pamplona San Miguel
0%
Pamplona Santa Leocadia
0%
Pamplona Sarecoa
0%
Pamplona Sarrola
0%
Pamplona Satrústegui
0%
Sangüésa Señorío de Aguinaga
0%
Pamplona Señorío de Bertiz
0%
Pamplona Señorío de Eraso
0%
Pamplona Señorío de Sarría
0%
Pamplona Señorío de Villanueva
0%
Sangüésa Sorogain-Lastur
0%
Pamplona Suro
0%
Pamplona Suspela
0%
Pamplona Suspela Este
0%
Pamplona Tartazu
0%
Pamplona Tipúlaz
0%
Olite Traibuenas
0%
Tudela Tudilén
0%
Estella Ubago
0%
Pamplona Udave
0%
Pamplona Ulzurrun
0%
Pamplona Undiano
0%
Sangüésa Urbanización Lasaitasuna
0%
Sangüésa Urbanización Náutica de Leire
0%
Pamplona Urrásun
0%
Pamplona Urrizoquieta
0%
Pamplona Urrutiña
0%
Pamplona Urumea
0%
Sangüésa Ustárroz
0%
Pamplona Uztegui
0%
Estella Venta de Urbasa
0%
Olite Vergalijo
0%
Sangüésa Vesolla
0%
Estella Viguria
0%
Estella Villanueva de Yerri
0%
Estella Viloria
0%
Pamplona Yaben
0%
Pamplona Zala
0%
Pamplona Zaláin
0%
Pamplona Zarranz
0%
Pamplona Zozaya
0%
Pamplona Zuastoy de Azpilcueta
0%
Estella Zufía
0%
Estella Zurucuáin
0%
No se encontraron pruebas coincidentes
Distribución de puntuación
Porcentaje de gente con cada puntuación
Porcentaje por número respondido
Historial de tus puntuaciones
No has intentado esta prueba.